[Event "DVM U10 2024"]
[Site "Düsseldorf GER"]
[Date "2024.12.28"]
[Round "5"]
[White "Bentele, Otto"]
[Black "Sauer, Ben"]
[Result "0-1"]
[Termination "normal"]
[Board "10.1"]
[WhiteElo "1522"]
[BlackElo "1645"]
[WhiteClock "00:19:12"]
[BlackClock "00:05:49"]
[WhiteTeam "SC GG Potsdam"]
[BlackTeam "Schachzentrum Bemerode"]
[PlyCount "87"]
[WhiteFideId "34653643"]
[BlackFideId "34606866"]
[EventCountry "GER"]
[EventRounds "7"]
[EventType "team-swiss"]
[EventDate "2024.12.26"]

1. e4 {[%clk 00:55:08]} {[%emt 00:04:26]} c5 {[%clk 00:55:04]} {[%emt
00:00:07]} 2. Nf3 {[%clk 00:54:57]} e6 {[%clk 00:55:00]} {[%emt 00:00:25]} 3.
d4 {[%clk 00:54:33]} cxd4 {[%clk 00:55:00]} {[%emt 00:00:34]} 4. Nxd4 {[%clk
00:54:00]} a6 {[%clk 00:54:55]} {[%emt 00:00:47]} 5. Nc3 {[%clk 00:53:29]} Qc7
{[%clk 00:54:28]} {[%emt 00:01:07]} 6. Bd3 {[%clk 00:53:13]} Nc6 {[%clk
00:54:13]} {[%emt 00:00:43]} 7. Nxc6 {[%clk 00:52:36]} bxc6 {[%clk 00:54:05]}
{[%emt 00:00:54]} 8. O-O {[%clk 00:52:23]} {[%emt 00:00:19]} Nf6 {[%clk
00:53:22]} {[%emt 00:00:48]} 9. b3 {[%clk 00:51:30]} {[%emt 00:00:58]} Be7
{[%clk 00:52:21]} {[%emt 00:01:05]} 10. Bb2 {[%clk 00:51:04]} {[%emt 00:00:31]}
O-O {[%clk 00:51:28]} {[%emt 00:00:58]} 11. h3 {[%clk 00:50:25]} {[%emt
00:00:45]} d5 {[%clk 00:48:41]} {[%emt 00:02:52]} 12. Re1 {[%clk 00:49:40]}
{[%emt 00:00:50]} Bb7 {[%clk 00:46:30]} {[%emt 00:02:16]} 13. e5 {[%clk
00:48:25]} {[%emt 00:01:20]} Nd7 {[%clk 00:45:40]} {[%emt 00:00:55]} 14. Nb1
{[%clk 00:47:39]} {[%emt 00:00:50]} c5 {[%clk 00:42:58]} {[%emt 00:02:48]} 15.
c4 {[%clk 00:44:21]} {[%emt 00:03:23]} d4 {[%clk 00:41:18]} {[%emt 00:01:45]}
16. Qh5 {[%clk 00:42:36]} {[%emt 00:01:49]} g6 {[%clk 00:39:09]} {[%emt
00:02:14]} 17. Qd1 {[%clk 00:42:03]} {[%emt 00:00:37]} Nxe5 {[%clk 00:38:11]}
{[%emt 00:01:04]} 18. Be4 {[%clk 00:41:00]} {[%emt 00:01:07]} Nd7 {[%clk
00:32:52]} {[%emt 00:05:26]} 19. Qf3 {[%clk 00:39:41]} {[%emt 00:01:24]} Bxe4
{[%clk 00:31:54]} {[%emt 00:01:02]} 20. Qxe4 {[%clk 00:38:00]} {[%emt
00:01:46]} Nf6 {[%clk 00:29:53]} {[%emt 00:02:06]} 21. Qf3 {[%clk 00:36:49]}
{[%emt 00:01:17]} Rfe8 {[%clk 00:27:18]} {[%emt 00:02:40]} 22. Nd2 {[%clk
00:35:32]} {[%emt 00:01:20]} Rad8 {[%clk 00:25:59]} {[%emt 00:01:25]} 23. Rad1
{[%clk 00:34:33]} {[%emt 00:01:04]} Nd7 {[%clk 00:23:34]} {[%emt 00:02:31]} 24.
Ne4 {[%clk 00:32:52]} {[%emt 00:01:46]} e5 {[%clk 00:21:22]} {[%emt 00:02:17]}
25. Ng3 {[%clk 00:30:21]} {[%emt 00:02:37]} Bf8 {[%clk 00:19:51]} {[%emt
00:01:36]} 26. Ne4 {[%clk 00:30:02]} {[%emt 00:00:23]} Bg7 {[%clk 00:19:09]}
{[%emt 00:00:47]} 27. Ng5 {[%clk 00:29:16]} {[%emt 00:00:51]} Re7 {[%clk
00:17:12]} {[%emt 00:02:03]} 28. Ne4 {[%clk 00:27:07]} {[%emt 00:02:13]} f5
{[%clk 00:15:12]} {[%emt 00:02:06]} 29. Nd2 {[%clk 00:25:53]} {[%emt 00:01:18]}
e4 {[%clk 00:14:02]} {[%emt 00:01:15]} 30. Qg3 {[%clk 00:24:29]} {[%emt
00:01:30]} Qxg3 {[%clk 00:09:58]} {[%emt 00:04:09]} 31. fxg3 {[%clk 00:24:14]}
{[%emt 00:00:20]} Ne5 {[%clk 00:09:19]} {[%emt 00:00:43]} 32. h4 {[%clk
00:23:41]} {[%emt 00:00:38]} Nd3 {[%clk 00:09:06]} {[%emt 00:00:17]} 33. Rb1
{[%clk 00:23:21]} {[%emt 00:00:27]} Nxe1 {[%clk 00:08:52]} {[%emt 00:00:19]}
34. Rxe1 {[%clk 00:22:51]} {[%emt 00:00:34]} Bh6 {[%clk 00:07:52]} {[%emt
00:01:06]} 35. Nf1 {[%clk 00:22:37]} {[%emt 00:00:18]} Kf7 {[%clk 00:07:19]}
{[%emt 00:00:38]} 36. Kh1 {[%clk 00:21:59]} {[%emt 00:00:43]} e3 {[%clk
00:06:49]} {[%emt 00:00:35]} 37. Nxe3 {[%clk 00:21:35]} {[%emt 00:00:29]} dxe3
{[%clk 00:06:41]} {[%emt 00:00:13]} 38. Re2 {[%clk 00:21:12]} {[%emt 00:00:28]}
Rd2 {[%clk 00:06:33]} {[%emt 00:00:13]} 39. Rxe3 {[%clk 00:21:09]} {[%emt
00:00:10]} Bxe3 {[%clk 00:06:12]} {[%emt 00:00:25]} 40. Bc3 {[%clk 00:21:01]}
{[%emt 00:00:13]} Rc2 {[%clk 00:06:08]} {[%emt 00:00:08]} 41. Ba5 {[%clk
00:20:51]} {[%emt 00:00:16]} Bf2 {[%clk 00:05:57]} {[%emt 00:00:17]} 42. Kh2
{[%clk 00:20:28]} {[%emt 00:00:28]} Rd7 {[%clk 00:05:50]} {[%emt 00:00:12]} 43.
Kh3 {[%clk 00:19:39]} {[%emt 00:00:54]} Rd1 {[%clk 00:05:49]} {[%emt 00:00:06]}
44. Bd2 {[%clk 00:19:12]} {[%emt 00:00:32]} 0-1

[Event "DVM U10 2024"]
[Site "Düsseldorf GER"]
[Date "2024.12.28"]
[Round "5"]
[White "Wüstenberg, Felix"]
[Black "Gerigk, Maximilian"]
[Result "0-1"]
[Termination "normal"]
[Board "11.4"]
[WhiteElo "975"]
[BlackElo "823"]
[WhiteClock "00:40:49"]
[BlackClock "00:35:12"]
[WhiteTeam "SpVgg Rommelshausen"]
[BlackTeam "MSA Zugzwang 82"]
[PlyCount "42"]
[EventCountry "GER"]
[EventRounds "7"]
[EventType "team-swiss"]
[EventDate "2024.12.26"]

1. e4 {[%emt 00:00:04]} e5 {[%clk 00:55:08]} 2. Nf3 {[%clk 00:55:00]} {[%emt
00:00:14]} Nc6 {[%emt 00:00:09]} 3. Bc4 {[%emt 00:00:03]} Nf6 {[%emt 00:00:11]}
4. Nc3 {[%emt 00:00:06]} Bb4 {[%emt 00:00:12]} 5. O-O {[%emt 00:00:08]} O-O
{[%clk 00:54:20]} {[%emt 00:00:05]} 6. d3 {[%clk 00:55:03]} {[%emt 00:00:03]}
d6 {[%emt 00:00:40]} 7. Bg5 {[%emt 00:00:04]} Bg4 {[%emt 00:00:15]} 8. Nd5
{[%emt 00:00:05]} Be6 {[%clk 00:50:27]} {[%emt 00:02:54]} 9. Nxf6+ {[%emt
00:00:34]} gxf6 {[%emt 00:00:04]} 10. Bh6 {[%emt 00:00:06]} Re8 {[%clk
00:49:41]} {[%emt 00:00:12]} 11. a3 {[%clk 00:54:27]} {[%emt 00:00:41]} Bc5
{[%clk 00:47:17]} {[%emt 00:00:25]} 12. Re1 {[%clk 00:50:54]} Kh8 {[%clk
00:47:17]} 13. Nh4 {[%clk 00:50:54]} {[%emt 00:05:41]} Rg8 {[%clk 00:45:35]}
14. g3 {[%clk 00:50:24]} {[%emt 00:02:21]} Bg4 {[%clk 00:43:17]} 15. Qd2 {[%clk
00:49:52]} {[%emt 00:03:00]} Nd4 {[%clk 00:39:58]} 16. Bxf7 {[%clk 00:49:26]}
{[%emt 00:03:55]} Nf3+ {[%clk 00:36:27]} 17. Nxf3 {[%clk 00:49:07]} Bxf3 {[%clk
00:36:27]} 18. Bxg8 {[%clk 00:49:07]} Qxg8 {[%clk 00:36:27]} 19. Be3 {[%clk
00:49:07]} {[%emt 00:04:01]} Qg4 {[%clk 00:35:23]} 20. Bxc5 {[%clk 00:41:20]}
{[%emt 00:09:01]} Qh3 {[%clk 00:35:12]} 21. Re3 {[%clk 00:40:49]} {[%emt
00:00:52]} Qg2# 0-1

[Event "DVM U10 2024"]
[Site "Düsseldorf GER"]
[Date "2024.12.28"]
[Round "5"]
[White "Glaser-Gallion, Ludwig"]
[Black "Dres, Friedrich"]
[Result "1/2-1/2"]
[Termination "normal"]
[Board "13.1"]
[WhiteElo "1358"]
[BlackElo "1123"]
[WhiteClock "00:01:05"]
[BlackClock "00:28:35"]
[WhiteTeam "SC Stetten a.d.F."]
[BlackTeam "SG Trier 1877"]
[PlyCount "106"]
[WhiteFideId "533001880"]
[EventCountry "GER"]
[EventRounds "7"]
[EventType "team-swiss"]
[EventDate "2024.12.26"]

1. e4 {[%clk 00:55:05]} {[%emt 00:00:05]} d5 {[%clk 00:55:06]} {[%emt
00:00:04]} 2. exd5 {[%clk 00:54:58]} {[%emt 00:00:11]} Qxd5 {[%clk 00:55:02]}
{[%emt 00:00:10]} 3. Nc3 {[%clk 00:54:54]} {[%emt 00:00:08]} Qa5 {[%clk
00:55:02]} {[%emt 00:00:05]} 4. Nf3 {[%clk 00:54:41]} {[%emt 00:00:19]} c6
{[%clk 00:55:01]} {[%emt 00:00:06]} 5. Bc4 {[%clk 00:54:03]} {[%emt 00:00:43]}
e6 {[%clk 00:54:59]} {[%emt 00:00:07]} 6. d3 {[%clk 00:52:57]} {[%emt
00:01:11]} Nf6 {[%clk 00:54:57]} {[%emt 00:00:07]} 7. Bd2 {[%clk 00:52:05]}
{[%emt 00:00:57]} Qc7 {[%clk 00:54:56]} {[%emt 00:00:05]} 8. O-O {[%clk
00:50:58]} {[%emt 00:01:13]} a5 {[%clk 00:54:48]} {[%emt 00:00:12]} 9. a4
{[%clk 00:50:20]} {[%emt 00:00:44]} Bd6 {[%clk 00:54:27]} {[%emt 00:00:27]} 10.
h3 {[%clk 00:49:56]} {[%emt 00:00:29]} O-O {[%clk 00:54:12]} {[%emt 00:00:18]}
11. Bg5 {[%clk 00:48:44]} {[%emt 00:01:17]} Nbd7 {[%clk 00:54:10]} {[%emt
00:00:07]} 12. Re1 {[%clk 00:47:30]} {[%emt 00:01:20]} h6 {[%clk 00:51:00]}
{[%emt 00:03:15]} 13. Bxf6 {[%clk 00:44:49]} {[%emt 00:02:45]} Nxf6 {[%clk
00:50:58]} {[%emt 00:00:07]} 14. d4 {[%clk 00:41:50]} {[%emt 00:03:05]} Rd8
{[%clk 00:49:44]} {[%emt 00:01:18]} 15. Qc1 {[%clk 00:37:50]} {[%emt 00:04:06]}
Bf4 {[%clk 00:49:05]} {[%emt 00:00:43]} 16. Qb1 {[%clk 00:33:00]} {[%emt
00:04:56]} b6 {[%clk 00:48:47]} {[%emt 00:00:23]} 17. Ne2 {[%clk 00:29:23]}
{[%emt 00:03:43]} Bd6 {[%clk 00:48:37]} {[%emt 00:00:12]} 18. c3 {[%clk
00:28:18]} {[%emt 00:01:12]} Bb7 {[%clk 00:48:04]} {[%emt 00:00:38]} 19. Rd1
{[%clk 00:24:27]} {[%emt 00:03:56]} c5 {[%clk 00:46:54]} {[%emt 00:01:14]} 20.
Nd2 {[%clk 00:22:44]} {[%emt 00:01:49]} Qc6 {[%clk 00:46:05]} {[%emt 00:00:54]}
21. f3 {[%clk 00:21:45]} {[%emt 00:01:04]} Rd7 {[%clk 00:45:00]} {[%emt
00:01:08]} 22. Bb5 {[%clk 00:21:22]} {[%emt 00:00:30]} Qc8 {[%clk 00:43:13]}
{[%emt 00:01:52]} 23. Bxd7 {[%clk 00:21:08]} {[%emt 00:00:19]} Qxd7 {[%clk
00:43:12]} {[%emt 00:00:07]} 24. Kh1 {[%clk 00:18:28]} {[%emt 00:02:44]} Ba6
{[%clk 00:42:42]} {[%emt 00:00:34]} 25. c4 {[%clk 00:15:48]} {[%emt 00:02:46]}
Qc7 {[%clk 00:41:25]} {[%emt 00:01:21]} 26. b3 {[%clk 00:14:25]} {[%emt
00:01:29]} Bh2 {[%clk 00:40:00]} {[%emt 00:01:26]} 27. Nf1 {[%clk 00:12:50]}
{[%emt 00:01:44]} Bd6 {[%clk 00:39:15]} {[%emt 00:00:49]} 28. Ra2 {[%clk
00:11:22]} {[%emt 00:01:34]} Re8 {[%clk 00:37:51]} {[%emt 00:01:29]} 29. Rad2
{[%clk 00:10:44]} {[%emt 00:00:42]} e5 {[%clk 00:37:24]} {[%emt 00:00:32]} 30.
dxe5 {[%clk 00:09:27]} {[%emt 00:01:23]} Bxe5 {[%clk 00:37:20]} {[%emt
00:00:10]} 31. Qc2 {[%clk 00:07:40]} {[%emt 00:01:52]} Bc8 {[%clk 00:35:56]}
{[%emt 00:01:28]} 32. Ne3 {[%clk 00:06:59]} {[%emt 00:00:46]} Nh5 {[%clk
00:35:00]} {[%emt 00:01:01]} 33. Nf1 {[%clk 00:06:09]} {[%emt 00:00:55]} Bb7
{[%clk 00:34:02]} {[%emt 00:01:02]} 34. Rd7 {[%clk 00:05:34]} {[%emt 00:00:41]}
Qc8 {[%clk 00:33:58]} {[%emt 00:00:08]} 35. Qf5 {[%clk 00:05:03]} {[%emt
00:00:37]} Nf6 {[%clk 00:33:40]} {[%emt 00:00:23]} 36. f4 {[%clk 00:03:40]}
{[%emt 00:01:28]} Bb8 {[%clk 00:33:19]} {[%emt 00:00:26]} 37. Qd3 {[%clk
00:03:01]} {[%emt 00:00:44]} Qxd7 {[%clk 00:33:10]} {[%emt 00:00:14]} 38. Qxd7
{[%clk 00:03:05]} Nxd7 {[%clk 00:33:00]} {[%emt 00:00:16]} 39. Rxd7 {[%clk
00:03:06]} {[%emt 00:00:03]} Rxe2 {[%clk 00:33:01]} {[%emt 00:00:04]} 40. Rxb7
{[%clk 00:03:05]} {[%emt 00:00:06]} Bxf4 {[%clk 00:32:54]} {[%emt 00:00:12]}
41. g3 {[%clk 00:02:32]} {[%emt 00:00:38]} Re1 {[%clk 00:32:42]} {[%emt
00:00:17]} 42. Kg2 {[%clk 00:02:23]} {[%emt 00:00:14]} Be5 {[%clk 00:32:24]}
{[%emt 00:00:20]} 43. Rxb6 {[%clk 00:02:21]} {[%emt 00:00:10]} Bd4 {[%clk
00:32:14]} {[%emt 00:00:15]} 44. Nh2 {[%clk 00:01:18]} {[%emt 00:01:08]} Rg1+
{[%clk 00:31:34]} {[%emt 00:00:45]} 45. Kf3 {[%clk 00:01:22]} {[%emt 00:00:01]}
Rb1 {[%clk 00:31:05]} {[%emt 00:00:34]} 46. Ng4 {[%clk 00:01:11]} {[%emt
00:00:17]} h5 {[%clk 00:30:37]} {[%emt 00:00:31]} 47. Ne3 {[%clk 00:00:57]}
{[%emt 00:00:20]} Re1 {[%clk 00:30:24]} {[%emt 00:00:17]} 48. Nd5 {[%clk
00:00:59]} {[%emt 00:00:04]} Rf1+ {[%clk 00:30:10]} {[%emt 00:00:19]} 49. Ke4
{[%clk 00:00:57]} {[%emt 00:00:07]} f5+ {[%clk 00:29:34]} {[%emt 00:00:41]} 50.
Kd3 {[%clk 00:00:58]} {[%emt 00:00:04]} Rf3+ {[%clk 00:29:30]} {[%emt
00:00:09]} 51. Ke2 {[%clk 00:01:03]} {[%emt 00:00:01]} Rxg3 {[%clk 00:29:08]}
{[%emt 00:00:26]} 52. Ne7+ {[%clk 00:01:02]} {[%emt 00:00:06]} Kh7 {[%clk
00:28:56]} {[%emt 00:00:17]} 53. Nxf5 {[%clk 00:01:05]} {[%emt 00:00:03]} Rxh3
{[%clk 00:28:35]} {[%emt 00:00:25]} 1/2-1/2

[Event "DVM U10 2024"]
[Site "Düsseldorf GER"]
[Date "2024.12.28"]
[Round "5"]
[White "Stopp, Bruno"]
[Black "Rössling, Johannes"]
[Result "1-0"]
[Termination "normal"]
[Board "14.1"]
[WhiteElo "1519"]
[BlackElo "1618"]
[WhiteClock "00:01:38"]
[BlackClock "00:00:26"]
[WhiteTeam "USV TU Dresden"]
[BlackTeam "Schachzwerge Magdeburg"]
[PlyCount "85"]
[WhiteFideId "34640347"]
[BlackFideId "34642773"]
[EventCountry "GER"]
[EventRounds "7"]
[EventType "team-swiss"]
[EventDate "2024.12.26"]

1. e4 {[%clk 00:55:08]} e5 {[%clk 00:55:07]} {[%emt 00:00:04]} 2. Nf3 {[%clk
00:55:07]} {[%emt 00:00:06]} Nc6 {[%clk 00:55:08]} {[%emt 00:00:04]} 3. Bc4
{[%clk 00:55:07]} {[%emt 00:00:06]} Nf6 {[%clk 00:55:08]} {[%emt 00:00:05]} 4.
d3 {[%clk 00:55:05]} {[%emt 00:00:06]} d5 {[%clk 00:55:07]} {[%emt 00:00:06]}
5. exd5 {[%clk 00:52:31]} {[%emt 00:02:38]} Nxd5 {[%clk 00:55:06]} {[%emt
00:00:07]} 6. O-O {[%clk 00:50:07]} {[%emt 00:02:29]} Bc5 {[%clk 00:55:03]}
{[%emt 00:00:07]} 7. Bxd5 {[%emt 00:01:39]} Qxd5 {[%emt 00:00:30]} 8. Nc3
{[%clk 00:47:56]} {[%emt 00:00:08]} Qd8 {[%clk 00:53:46]} {[%emt 00:01:21]} 9.
Be3 {[%clk 00:47:51]} {[%emt 00:00:12]} Bb6 {[%clk 00:52:15]} {[%emt 00:01:35]}
10. h3 {[%clk 00:46:17]} {[%emt 00:01:39]} Bf5 {[%clk 00:49:15]} {[%emt
00:03:04]} 11. Qd2 {[%clk 00:45:28]} {[%emt 00:00:54]} O-O {[%clk 00:46:37]}
{[%emt 00:02:43]} 12. Rad1 {[%clk 00:44:22]} {[%emt 00:01:11]} Re8 {[%clk
00:43:02]} {[%emt 00:03:35]} 13. Ne4 {[%clk 00:38:57]} {[%emt 00:05:35]} Qd7
{[%clk 00:38:06]} {[%emt 00:05:01]} 14. c3 {[%clk 00:32:35]} {[%emt 00:06:27]}
Rad8 {[%clk 00:34:36]} {[%emt 00:03:35]} 15. Qc2 {[%clk 00:28:47]} {[%emt
00:03:51]} h6 {[%clk 00:28:34]} {[%emt 00:06:10]} 16. Rfe1 {[%clk 00:24:58]}
{[%emt 00:03:48]} Bh7 {[%clk 00:21:28]} {[%emt 00:07:17]} 17. Bxh6 {[%clk
00:23:09]} {[%emt 00:01:54]} Qe6 {[%clk 00:15:17]} {[%emt 00:06:13]} 18. Be3
{[%clk 00:20:13]} {[%emt 00:03:04]} Rd7 {[%clk 00:06:21]} {[%emt 00:09:01]} 19.
Nfg5 {[%clk 00:18:59]} {[%emt 00:01:19]} Qe7 {[%clk 00:05:25]} {[%emt
00:00:58]} 20. Nxh7 {[%clk 00:18:51]} {[%emt 00:00:15]} Kxh7 {[%clk 00:05:21]}
{[%emt 00:00:10]} 21. d4 {[%clk 00:18:04]} {[%emt 00:00:52]} Kg8 {[%clk
00:04:26]} {[%emt 00:01:00]} 22. Ng5 {[%clk 00:16:17]} {[%emt 00:01:50]} g6
{[%clk 00:02:43]} {[%emt 00:01:51]} 23. Nf3 {[%clk 00:14:24]} {[%emt 00:01:57]}
exd4 {[%clk 00:01:13]} {[%emt 00:01:35]} 24. Bxd4 {[%emt 00:02:03]} Qd8 {[%clk
00:00:58]} {[%emt 00:00:19]} 25. Rxe8+ {[%clk 00:09:46]} {[%emt 00:02:46]} Qxe8
{[%clk 00:00:56]} {[%emt 00:00:08]} 26. Re1 {[%clk 00:08:42]} {[%emt 00:01:08]}
Qd8 {[%clk 00:00:48]} {[%emt 00:00:11]} 27. Bxb6 {[%clk 00:04:23]} {[%emt
00:04:26]} axb6 {[%clk 00:00:51]} {[%emt 00:00:02]} 28. Qe4 {[%clk 00:03:39]}
{[%emt 00:01:12]} Re7 {[%clk 00:00:35]} {[%emt 00:00:21]} 29. Qb1 {[%clk
00:02:55]} {[%emt 00:00:48]} Rxe1+ {[%clk 00:00:35]} {[%emt 00:00:06]} 30. Qxe1
{[%clk 00:02:54]} {[%emt 00:00:07]} Qd5 {[%clk 00:00:24]} {[%emt 00:00:15]} 31.
Qe8+ {[%clk 00:02:45]} {[%emt 00:00:14]} Kg7 {[%clk 00:00:28]} 32. Qc8 {[%clk
00:02:34]} {[%emt 00:00:17]} Qxa2 {[%clk 00:00:14]} 33. Qxb7 {[%clk 00:02:33]}
{[%emt 00:00:25]} Ne7 {[%clk 00:00:16]} 34. Qxc7 {[%clk 00:02:35]} {[%emt
00:00:06]} Nf5 {[%clk 00:00:19]} 35. Qxb6 {[%clk 00:02:35]} {[%emt 00:00:08]}
Qb1+ {[%clk 00:00:22]} 36. Kh2 {[%clk 00:02:35]} Qe4 {[%clk 00:00:22]} 37. Ng1
{[%clk 00:02:35]} Nh4 {[%clk 00:00:22]} 38. Qd4+ {[%clk 00:02:35]} Qxd4 {[%clk
00:00:22]} 39. cxd4 {[%clk 00:02:35]} Kf6 {[%clk 00:00:22]} 40. b4 {[%clk
00:01:34]} {[%emt 00:01:46]} Ke6 {[%clk 00:00:27]} 41. Nf3 {[%clk 00:01:34]}
Nxf3+ {[%clk 00:00:27]} 42. gxf3 {[%emt 00:00:09]} Kd5 {[%clk 00:00:26]} {[%emt
00:00:03]} 43. b5 {[%clk 00:01:38]} {[%emt 00:00:02]} 1-0

[Event "DVM U10 2024"]
[Site "Düsseldorf GER"]
[Date "2024.12.28"]
[Round "5"]
[White "Pardo Lorz, Noah"]
[Black "Bryzgalov, Mikhail"]
[Result "0-1"]
[Termination "normal"]
[Board "20.3"]
[WhiteElo "1067"]
[BlackElo "886"]
[WhiteClock "00:49:10"]
[BlackClock "00:44:14"]
[WhiteTeam "SF 1958 Bitburg"]
[BlackTeam "USV Halle"]
[PlyCount "68"]
[WhiteFideId "533018855"]
[EventCountry "GER"]
[EventRounds "7"]
[EventType "team-swiss"]
[EventDate "2024.12.26"]

1. e4 {[%clk 00:55:08]} {[%emt 00:00:02]} e5 {[%clk 00:55:05]} {[%emt
00:00:06]} 2. Nf3 {[%clk 00:55:10]} {[%emt 00:00:03]} Nc6 {[%clk 00:55:04]}
{[%emt 00:00:05]} 3. Bc4 {[%clk 00:55:10]} {[%emt 00:00:06]} Bc5 {[%clk
00:54:45]} {[%emt 00:00:24]} 4. d3 {[%clk 00:55:03]} {[%emt 00:00:12]} h6
{[%emt 00:00:13]} 5. Be3 {[%emt 00:00:10]} d6 {[%clk 00:54:14]} {[%emt
00:00:12]} 6. c3 {[%clk 00:55:00]} {[%emt 00:00:08]} Bg4 {[%clk 00:53:18]}
{[%emt 00:00:52]} 7. Nbd2 {[%clk 00:55:03]} {[%emt 00:00:12]} Nf6 {[%clk
00:53:02]} {[%emt 00:00:20]} 8. h3 {[%clk 00:55:01]} {[%emt 00:00:08]} Bh5
{[%clk 00:52:57]} {[%emt 00:00:09]} 9. g4 {[%clk 00:54:59]} {[%emt 00:00:08]}
Bg6 {[%clk 00:52:40]} {[%emt 00:00:21]} 10. b4 {[%clk 00:54:52]} {[%emt
00:00:13]} Bb6 {[%clk 00:52:14]} {[%emt 00:00:14]} 11. Nb3 {[%clk 00:54:52]}
{[%emt 00:00:21]} O-O {[%clk 00:51:47]} {[%emt 00:00:32]} 12. Bxb6 {[%clk
00:54:47]} {[%emt 00:00:10]} cxb6 {[%clk 00:50:44]} {[%emt 00:01:08]} 13. b5
{[%clk 00:54:37]} {[%emt 00:00:16]} Ne7 {[%clk 00:50:15]} {[%emt 00:00:32]} 14.
Nh4 {[%clk 00:54:20]} {[%emt 00:00:24]} Bh7 {[%clk 00:49:48]} {[%emt 00:00:32]}
15. d4 {[%clk 00:54:08]} {[%emt 00:00:17]} Nxe4 {[%clk 00:49:24]} {[%emt
00:00:26]} 16. dxe5 {[%clk 00:54:04]} {[%emt 00:00:11]} dxe5 {[%clk 00:49:12]}
{[%emt 00:00:18]} 17. Qxd8 {[%clk 00:53:59]} {[%emt 00:00:09]} Raxd8 {[%clk
00:49:04]} {[%emt 00:00:13]} 18. O-O {[%clk 00:53:51]} {[%emt 00:00:14]} Nd6
{[%clk 00:48:30]} {[%emt 00:00:31]} 19. Rad1 {[%clk 00:53:46]} {[%emt
00:00:18]} Nxc4 {[%clk 00:48:18]} {[%emt 00:00:16]} 20. Rxd8 {[%clk 00:53:40]}
{[%emt 00:00:11]} Rxd8 {[%clk 00:48:15]} {[%emt 00:00:08]} 21. Re1 {[%clk
00:52:50]} {[%emt 00:00:55]} f6 {[%clk 00:47:54]} {[%emt 00:00:26]} 22. Nc1
{[%clk 00:52:28]} {[%emt 00:00:26]} Nd2 {[%clk 00:47:32]} {[%emt 00:00:27]} 23.
Ne2 {[%clk 00:51:50]} {[%emt 00:00:44]} g5 {[%clk 00:47:18]} {[%emt 00:00:19]}
24. Ra1 {[%clk 00:50:50]} {[%emt 00:01:06]} gxh4 {[%clk 00:47:10]} {[%emt
00:00:12]} 25. a4 {[%clk 00:50:37]} {[%emt 00:00:17]} Nf3+ {[%clk 00:46:45]}
{[%emt 00:00:29]} 26. Kg2 {[%clk 00:50:30]} {[%emt 00:00:14]} Be4 {[%clk
00:46:00]} {[%emt 00:00:22]} 27. Kf1 {[%clk 00:50:33]} {[%emt 00:00:31]} Bd3
{[%clk 00:45:27]} {[%emt 00:00:37]} 28. a5 {[%clk 00:50:16]} {[%emt 00:00:22]}
Rc8 {[%clk 00:45:10]} {[%emt 00:00:21]} 29. axb6 {[%clk 00:50:09]} {[%emt
00:00:13]} axb6 {[%clk 00:45:07]} {[%emt 00:00:09]} 30. Ra7 {[%clk 00:49:51]}
{[%emt 00:00:20]} Bxb5 {[%clk 00:44:56]} {[%emt 00:00:18]} 31. Rxb7 {[%clk
00:49:42]} {[%emt 00:00:15]} Rxc3 {[%clk 00:44:47]} {[%emt 00:00:13]} 32. Rxe7
{[%clk 00:49:33]} {[%emt 00:00:14]} Rc1+ {[%clk 00:44:24]} {[%emt 00:00:28]}
33. Kg2 {[%clk 00:49:26]} {[%emt 00:00:09]} Bxe2 {[%clk 00:44:20]} {[%emt
00:00:12]} 34. Rb7 {[%clk 00:49:10]} {[%emt 00:00:19]} Rg1# {[%clk 00:44:14]}
{[%emt 00:00:13]} 0-1